00277nam a2200109 i 4500001000300000245006900003260001900072040000800091041000800099080001900107008004100126bg 0aAnglo-russkij slovar' po metalloobrabotke i po detaljam mašin. aMoskwa,c1949. cBPK apol a621.78:62-1/-9 s pl f |000 0 pol